000 00286nam a22001337a 4500
008 181015b xxu||||| |||| 00| 0 eng d
020 _a9780471323549
041 _aeng
080 _a004
100 _a30
101 _aSHK
245 _aMail And Internet
_cDon.A.D
942 _2udc
_cBK
999 _c49800
_d49800